XI titulaire du PSG - Statistiques

Statistiques générales
  • Ce quiz a été pris 184 fois
  • Le résultat moyen est 7 sur 11
Statistiques - réponses
Poste Joueur % Correct
BU Mbappé
96%
G Navas
88%
MDC Marquinhos
85%
DC Kimpembe
77%
AD Di Maria
74%
DG Bernat
62%
MC Paredes
48%
AG Neymar Jr
46%
DC Thiago Silva
45%
DD Kehrer
43%
MC Herrera
38%
Aucun quiz correspondant
Distribution des résultats
% des personnes avec chaque résultat
Percentile par nombre de réponses
Votre historique - résultats
Vous n’avez pas pris ce quiz